| 000 | 00342nam a2200109 4500 | ||
|---|---|---|---|
| 999 |
_c507363 _d507363 |
||
| 082 | _aA45:P 1951-59 | ||
| 100 |
_aIndia. Ministry of Education _91487 |
||
| 245 |
_aReport of activities during 1951-59 and programme for 1952-59 _cby Ministry of Education |
||
| 260 |
_aNew Delhi _bGovernment of India Press _c1960 |
||
| 300 | _av.p. | ||
| 942 | _2ddc | ||